[Event "DVM U14 2010"]
[Site "Magdeburg GER"]
[Date "2010.12.27"]
[Round "1"]
[White "Viereck, Marten"]
[Black "Knopf, Felix"]
[Result "0-1"]
[Termination "normal"]
[Board "7.1"]
[WhiteElo "1915"]
[BlackElo "1718"]
[WhiteTeam "SV Dresden-Striessen 1990"]
[BlackTeam "SV Merseburg"]
[PlyCount "80"]
[WhiteFideId "24692190"]
[BlackFideId "24692204"]
[EventCountry "GER"]
[EventRounds "7"]
[EventType "team-swiss"]
[EventDate "2010.12.26"]

1. Nf3 {[%emt 0:00:00]} d5 2. g3 Nf6 3. Bg2 c5 4. O-O Nc6 5. d4 e6 6. Re1 Qb6
7. c3 cxd4 8. cxd4 Bd7 9. Nc3 Be7 10. b3 O-O 11. Bb2 Rac8 12. e4 dxe4 13. Nxe4
Nb4 14. Nxf6+ Bxf6 15. Ne5 Bb5 16. Be4 Bxe5 17. dxe5 Rfd8 18. Qh5 g6 19. Qf3
Bd3 20. Bxb7 Rc7 21. Be4 Bxe4 22. Qxe4 Rd2 23. Re2 Rxe2 24. Qxe2 Rc2 25. Bd4
Qxd4 26. Rd1 Rxe2 27. Rxd4 Nc6 28. Rc4 Nxe5 29. Rc5 Nd3 30. Ra5 Nc1 31. Rxa7
Rxa2 32. Rb7 Nd3 33. b4 Rxf2 34. Rd7 Rf3 35. Kg2 Ne1+ 36. Kh3 Rb3 37. Rd1 Nc2
38. Rd2 Nxb4 39. Rd8+ Kg7 40. Rb8 Kf6 0-1

[Event "DVM U14 2010"]
[Site "Magdeburg GER"]
[Date "2010.12.27"]
[Round "1"]
[White "Hoffmann, Dustin"]
[Black "Christen, Alexander"]
[Result "1/2-1/2"]
[Termination "normal"]
[Board "7.2"]
[WhiteElo "1751"]
[BlackElo "1474"]
[WhiteTeam "SV Merseburg"]
[BlackTeam "SV Dresden-Striessen 1990"]
[PlyCount "120"]
[WhiteFideId "1270566"]
[BlackFideId "12927660"]
[EventCountry "GER"]
[EventRounds "7"]
[EventType "team-swiss"]
[EventDate "2010.12.26"]

1. e4 e5 2. Nf3 Nc6 3. d4 exd4 4. Nxd4 Bc5 5. Be3 Qf6 6. c3 Nge7 7. Be2 d6 8.
Nb5 Bxe3 9. fxe3 Kd8 10. Bf3 a6 11. Nd4 Bd7 12. O-O Qg5 13. Qe2 Ne5 14. Nd2 c5
15. Nc2 Bb5 16. c4 Bc6 17. a3 b5 18. b3 Kc7 19. a4 bxa4 20. bxa4 Rhb8 21. a5
Rb2 22. Rfc1 Rab8 23. Qf1 N7g6 24. Rab1 Nh4 25. Kh1 Ba4 26. Rxb2 Rxb2 27. Bd1
f6 28. Nf3 Nd3 29. Nxg5 Nxc1 30. Ne6+ Kd7 31. Ncd4 Bxd1 32. Qxd1 Na2 33. Nxc5+
dxc5 34. Nf5+ Kc7 35. Nxh4 Nc3 36. Qc1 Rb1 37. Qxb1 Nxb1 38. Nf3 Kd6 39. Kg1
Na3 40. Nd2 Nc2 41. Kf2 Ke5 42. Kf3 Ne1+ 43. Kf2 Nd3+ 44. Ke2 Nb2 45. g4 g5 46.
h3 Kd6 47. Kf3 Nd3 48. Kg3 Ke5 49. h4 gxh4+ 50. Kxh4 Nf2 51. Kh5 Nxe4 52. Nf3+
Ke6 53. Kh6 Nd6 54. Nd2 Nf7+ 55. Kxh7 Ne5 56. Ne4 Nxg4 57. Nxc5+ Kd6 58. Nxa6
Nxe3 59. c5+ Kc6 60. Kg6 Nd5 1/2-1/2

[Event "DVM U14 2010"]
[Site "Magdeburg GER"]
[Date "2010.12.27"]
[Round "1"]
[White "Jacob, Hannes"]
[Black "Walczak, Charley"]
[Result "1-0"]
[Termination "normal"]
[Board "7.4"]
[WhiteElo "1532"]
[BlackElo "1131"]
[WhiteTeam "SV Merseburg"]
[BlackTeam "SV Dresden-Striessen 1990"]
[PlyCount "59"]
[WhiteFideId "12910350"]
[BlackFideId "12927686"]
[EventCountry "GER"]
[EventRounds "7"]
[EventType "team-swiss"]
[EventDate "2010.12.26"]

1. e4 e5 2. Nf3 Nc6 3. Bc4 Bc5 4. d3 Nf6 5. c3 d5 6. exd5 Nxd5 7. O-O Bg4 8.
Re1 O-O 9. b4 Bb6 10. h3 Bh5 11. a3 Qd7 12. Bxd5 Qxd5 13. g4 e4 14. c4 Qd7 15.
dxe4 Bxg4 16. Qxd7 Bxf2+ 17. Kxf2 Bxd7 18. Rg1 Bxh3 19. Bh6 Nd8 20. Rxg7+ Kh8
21. Rg3 Re8 22. Rxh3 Rxe4 23. Nbd2 Re8 24. Rah1 Ne6 25. Be3 Nf8 26. Ng5 f6 27.
Nxh7 Nxh7 28. Rxh7+ Kg8 29. Rxc7 Rab8 30. Rhh7 1-0

[Event "DVM U14 2010"]
[Site "Magdeburg GER"]
[Date "2010.12.27"]
[Round "1"]
[White "Simanowski, Mio"]
[Black "Bitter, Frank"]
[Result "1/2-1/2"]
[Termination "normal"]
[Board "8.1"]
[WhiteElo "1859"]
[BlackElo "1641"]
[WhiteTeam "SV Mülheim Nord"]
[BlackTeam "SC Weiße Dame Ulm"]
[PlyCount "59"]
[WhiteFideId "24687154"]
[BlackFideId "12922722"]
[EventCountry "GER"]
[EventRounds "7"]
[EventType "team-swiss"]
[EventDate "2010.12.26"]

1. e4 c6 2. d4 d5 3. e5 Bf5 4. Bd3 Bxd3 5. Qxd3 e6 6. Nf3 Qb6 7. O-O Ne7 8.
Nbd2 Nf5 9. Nb3 Nd7 10. c4 Qa6 11. Nbd2 Nb6 12. b3 Rd8 13. Qc3 dxc4 14. Nxc4
Nd5 15. Qb2 Bb4 16. Bd2 Bxd2 17. Qxd2 Nc7 18. g4 b5 19. gxf5 bxc4 20. bxc4 Qxc4
21. Qg5 Rg8 22. f6 Qd5 23. Kg2 Kf8 24. Qf4 gxf6+ 25. Kh1 fxe5 26. dxe5 Nb5 27.
Rg1 Ke7 28. Qf6+ Kf8 29. Qh6+ Ke7 30. Qf6+ 1/2-1/2

[Event "DVM U14 2010"]
[Site "Magdeburg GER"]
[Date "2010.12.27"]
[Round "1"]
[White "Deutsch, Julius"]
[Black "Stoer, Nathan"]
[Result "1/2-1/2"]
[Termination "normal"]
[Board "8.2"]
[WhiteElo "1293"]
[BlackElo "1589"]
[WhiteTeam "SC Weiße Dame Ulm"]
[BlackTeam "SV Mülheim Nord"]
[PlyCount "122"]
[BlackFideId "1271569"]
[EventCountry "GER"]
[EventRounds "7"]
[EventType "team-swiss"]
[EventDate "2010.12.26"]

1. d4 e6 2. c4 d5 3. Nc3 Nf6 4. e3 c6 5. Bd3 Bb4 6. Bd2 O-O 7. Nf3 Nbd7 8. O-O
Nb6 9. cxd5 exd5 10. Qc2 Re8 11. Rfe1 Bxc3 12. Bxc3 Ne4 13. Nd2 f5 14. f3 Nd6
15. e4 fxe4 16. fxe4 g6 17. e5 Nf5 18. Nf1 Qg5 19. Re2 Qh4 20. g3 Qg5 21. Rae1
Nh4 22. Rf2 Bf5 23. Ne3 Rf8 24. Nxf5 Nxf5 25. Bxf5 Rxf5 26. Rxf5 gxf5 27. Rf1
Rf8 28. b3 Kg7 29. Bb4 Rf7 30. e6 Qe3+ 31. Qf2 Qxe6 32. Qf4 h6 33. Qe5+ Rf6 34.
Qxe6 Rxe6 35. Rxf5 Re4 36. Rf2 Rxd4 37. Bc3 c5 38. Rd2 Kf6 39. Bxd4+ cxd4 40.
Rxd4 Ke5 41. Rh4 d4 42. Kf2 Nd5 43. Ke2 b5 44. a3 b4 45. a4 Nc7 46. Kd3 Ne6 47.
Re4+ Kd5 48. Rxe6 Kxe6 49. Kxd4 a5 50. Kc4 Ke5 51. Kb5 Kd4 52. Kxa5 Kc3 53. Kb5
Kxb3 54. a5 Kc3 55. a6 b3 56. a7 b2 57. a8=Q b1=Q+ 58. Ka6 Qa2+ 59. Kb7 Qxa8+
60. Kxa8 Kd3 61. g4 Ke4 1/2-1/2

[Event "DVM U14 2010"]
[Site "Magdeburg GER"]
[Date "2010.12.27"]
[Round "1"]
[White "Kremer, Moritz"]
[Black "Kelemen, Alexander"]
[Result "1/2-1/2"]
[Termination "normal"]
[Board "8.3"]
[WhiteElo "1582"]
[BlackElo "1384"]
[WhiteTeam "SV Mülheim Nord"]
[BlackTeam "SC Weiße Dame Ulm"]
[PlyCount "74"]
[WhiteFideId "1270623"]
[EventCountry "GER"]
[EventRounds "7"]
[EventType "team-swiss"]
[EventDate "2010.12.26"]

1. e4 c5 2. Nc3 e6 3. f4 Nc6 4. Nf3 a6 5. a4 Nge7 6. d3 d5 7. Be2 dxe4 8. dxe4
Qxd1+ 9. Bxd1 Ng6 10. e5 b6 11. O-O Bb7 12. Ne2 Rd8 13. c3 Nce7 14. Ng3 Nc6 15.
Be3 Be7 16. Be2 O-O 17. Rfd1 Rxd1+ 18. Rxd1 Rd8 19. Rxd8+ Bxd8 20. Nd2 f6 21.
exf6 gxf6 22. f5 exf5 23. Nxf5 Bc7 24. Kf2 Nce5 25. Ng3 Nh4 26. Nf3 Nhxf3 27.
gxf3 Kf7 28. Bf4 Ng4+ 29. fxg4 Bxf4 30. c4 Be5 31. b3 Bd4+ 32. Kf1 Ke6 33. Bd3
Bf3 34. Be2 Bb7 35. Bd3 Bf3 36. Be2 Bb7 37. Bd3 Bf3 1/2-1/2

[Event "DVM U14 2010"]
[Site "Magdeburg GER"]
[Date "2010.12.27"]
[Round "1"]
[White "Boeck, Anton"]
[Black "Vavro, Maximilian"]
[Result "0-1"]
[Termination "normal"]
[Board "8.4"]
[WhiteElo "1202"]
[BlackElo "1539"]
[WhiteTeam "SC Weiße Dame Ulm"]
[BlackTeam "SV Mülheim Nord"]
[PlyCount "88"]
[BlackFideId "12918954"]
[EventCountry "GER"]
[EventRounds "7"]
[EventType "team-swiss"]
[EventDate "2010.12.26"]

1. e4 c6 2. Nf3 d5 3. exd5 cxd5 4. d4 Nc6 5. Nc3 Bg4 6. Be2 Nf6 7. O-O e6 8. a3
Bd6 9. Be3 O-O 10. Bg5 Be7 11. Bf4 Qb6 12. Na4 Qa5 13. b3 b5 14. Bd2 Qa6 15.
Nc3 Bxf3 16. Bxf3 Nxd4 17. Re1 Nxf3+ 18. Qxf3 Qb6 19. Qd3 a6 20. Qg3 Bc5 21.
Rf1 d4 22. Ne2 Ne4 23. Qd3 Nxd2 24. Qxd2 e5 25. Qd3 Rfe8 26. Ng3 Rac8 27. Rfe1
Bd6 28. Nf5 Bb8 29. Re2 g6 30. Qg3 Rc3 31. Qg5 Qe6 32. Nxd4 Qd7 33. Nf3 e4 34.
Ne1 Re5 35. Qc1 Qf5 36. Qd2 Rc8 37. g3 Qh3 38. Ng2 Rh5 39. Nh4 g5 40. Rxe4 gxh4
41. Rae1 hxg3 42. Re8+ Kg7 43. Qd4+ Be5 44. R1xe5 gxh2+ 0-1

[Event "DVM U14 2010"]
[Site "Magdeburg GER"]
[Date "2010.12.27"]
[Round "2"]
[White "Grötzbach, Julian"]
[Black "Simanowski, Mio"]
[Result "1/2-1/2"]
[Termination "normal"]
[Board "1.1"]
[WhiteElo "1879"]
[BlackElo "1859"]
[WhiteTeam "Hamburger SK von 1830"]
[BlackTeam "SV Mülheim Nord"]
[PlyCount "56"]
[WhiteFideId "24600938"]
[BlackFideId "24687154"]
[EventCountry "GER"]
[EventRounds "7"]
[EventType "team-swiss"]
[EventDate "2010.12.26"]

1. e4 e5 2. Nf3 Nc6 3. Bb5 a6 4. Ba4 Nf6 5. O-O b5 6. Bb3 Bc5 7. Re1 d6 8. h3
O-O 9. c3 Bb7 10. d3 h6 11. Nbd2 Re8 12. Nf1 Ne7 13. Ng3 Ng6 14. Bd2 Rc8 15.
Qc1 d5 16. Be3 Bxe3 17. Qxe3 dxe4 18. dxe4 c5 19. Nh2 Qc7 20. f3 Rcd8 21. Ng4
Nxg4 22. hxg4 Nf4 23. Rad1 c4 24. Bc2 Rxd1 25. Rxd1 Rd8 26. Rxd8+ Qxd8 27. Ne2
Ne6 28. g3 f6 1/2-1/2

[Event "DVM U14 2010"]
[Site "Magdeburg GER"]
[Date "2010.12.27"]
[Round "2"]
[White "Stoer, Nathan"]
[Black "Grötzbach, Daniel"]
[Result "1/2-1/2"]
[Termination "normal"]
[Board "1.2"]
[WhiteElo "1589"]
[BlackElo "1775"]
[WhiteTeam "SV Mülheim Nord"]
[BlackTeam "Hamburger SK von 1830"]
[PlyCount "61"]
[WhiteFideId "1271569"]
[BlackFideId "24692166"]
[EventCountry "GER"]
[EventRounds "7"]
[EventType "team-swiss"]
[EventDate "2010.12.26"]

1. Nf3 Nf6 2. b3 g6 3. Bb2 Bg7 4. e3 O-O 5. d4 d6 6. c4 c5 7. Nc3 Na6 8. Rc1
Bd7 9. Bd3 Nc7 10. O-O a6 11. a4 Rb8 12. Qe2 b6 13. h3 Rb7 14. Ba3 Qb8 15. Rb1
Rc8 16. dxc5 bxc5 17. Qc2 Nce8 18. Nd5 Nxd5 19. cxd5 Nc7 20. Rfd1 Qa7 21. Bc4
Rcb8 22. g4 Na8 23. Nd2 Nb6 24. Qd3 Nxc4 25. Nxc4 Rc7 26. Bb2 Bxb2 27. Rxb2 Rb4
28. Rdb1 Qb8 29. Qc3 Qf8 30. Kg2 Qh6 31. Kg3 1/2-1/2

[Event "DVM U14 2010"]
[Site "Magdeburg GER"]
[Date "2010.12.27"]
[Round "2"]
[White "Kramer, Julian"]
[Black "Kremer, Moritz"]
[Result "1/2-1/2"]
[Termination "normal"]
[Board "1.3"]
[WhiteElo "1816"]
[BlackElo "1582"]
[WhiteTeam "Hamburger SK von 1830"]
[BlackTeam "SV Mülheim Nord"]
[PlyCount "96"]
[WhiteFideId "12921742"]
[BlackFideId "1270623"]
[EventCountry "GER"]
[EventRounds "7"]
[EventType "team-swiss"]
[EventDate "2010.12.26"]

1. e4 e5 2. Nf3 Nc6 3. Bb5 a6 4. Ba4 Nf6 5. O-O b5 6. Bb3 Be7 7. Re1 d6 8. a4
bxa4 9. Bxa4 Bd7 10. c3 O-O 11. d4 exd4 12. cxd4 Nb8 13. Bc2 Nc6 14. Nc3 Bg4
15. h3 Bxf3 16. gxf3 Nd7 17. Be3 Nb6 18. Bb3 Nb8 19. Nd5 Nxd5 20. Bxd5 c6 21.
Bc4 Qb6 22. Qe2 Rd8 23. d5 c5 24. Ra3 a5 25. Rb3 Qc7 26. Bb5 Nd7 27. Bxd7 Qxd7
28. Kh2 Rdb8 29. Qc2 Rb7 30. Rg1 Rab8 31. Qc3 f6 32. Rxb7 Qxb7 33. Bh6 g6 34.
Qxa5 Qxb2 35. Qc7 Qb7 36. Qa5 Ra8 37. Rb1 Qa7 38. Qb5 Kf7 39. Be3 Qa6 40. Qd7
Qc8 41. Qb5 Qc7 42. Bd2 Qa7 43. Be3 Qa6 44. Qd7 Qc8 45. Qb5 Qc7 46. Bd2 Qa7 47.
Be3 Qa6 48. Qd7 Qc8 1/2-1/2

[Event "DVM U14 2010"]
[Site "Magdeburg GER"]
[Date "2010.12.27"]
[Round "2"]
[White "Vavro, Maximilian"]
[Black "Sander, Jean Louis"]
[Result "0-1"]
[Termination "normal"]
[Board "1.4"]
[WhiteElo "1539"]
[BlackElo "1822"]
[WhiteTeam "SV Mülheim Nord"]
[BlackTeam "Hamburger SK von 1830"]
[PlyCount "52"]
[WhiteFideId "12918954"]
[BlackFideId "12903280"]
[EventCountry "GER"]
[EventRounds "7"]
[EventType "team-swiss"]
[EventDate "2010.12.26"]

1. c4 Nf6 2. Nf3 g6 3. g3 Bg7 4. Bg2 O-O 5. O-O d6 6. e3 e5 7. d4 Nbd7 8. Nc3
c6 9. b3 e4 10. Nd2 d5 11. Ba3 Re8 12. cxd5 cxd5 13. Nb5 Qb6 14. Qe2 a6 15. Nd6
Re6 16. Nxc8 Rxc8 17. Bh3 Rec6 18. Rfc1 Qa5 19. Rxc6 Rxc6 20. Nb1 Bf8 21. Bxf8
Rc1+ 22. Kg2 Kxf8 23. a3 Nb8 24. b4 Qa4 25. Qb2 Qd1 26. Bc8 Qf1# 0-1

[Event "DVM U14 2010"]
[Site "Magdeburg GER"]
[Date "2010.12.27"]
[Round "2"]
[White "Kulok, Solomon"]
[Black "Urban, Lars"]
[Result "0-1"]
[Termination "normal"]
[Board "2.1"]
[WhiteElo "1638"]
[BlackElo "1881"]
[WhiteTeam "Noris-Tarrasch Nürnberg"]
[BlackTeam "SV Empor Erfurt"]
[PlyCount "116"]
[WhiteFideId "24652210"]
[BlackFideId "4644034"]
[EventCountry "GER"]
[EventRounds "7"]
[EventType "team-swiss"]
[EventDate "2010.12.26"]

1. e4 e6 2. d4 d5 3. exd5 exd5 4. Bd3 Bd6 5. Qf3 c6 6. c3 Nf6 7. h3 O-O 8. Ne2
Re8 9. O-O Nbd7 10. Ng3 Bxg3 11. Qxg3 Ne4 12. Qh2 Ndf6 13. f3 Nd6 14. g4 Nc4
15. Qf2 h5 16. b3 Nd6 17. Bf4 hxg4 18. hxg4 Bxg4 19. fxg4 Nde4 20. Qf3 Re6 21.
g5 Nh7 22. Bxe4 Nxg5 23. Bh7+ Nxh7 24. Nd2 Rg6+ 25. Kh1 Qh4+ 26. Bh2 Nf6 27.
Qf2 Qh3 28. Qf3 Qh6 29. Qf4 Re8 30. Qxh6 Rxh6 31. Rae1 Ne4 32. Nxe4 dxe4 33.
Re3 g6 34. Kg2 f5 35. Bf4 Rh4 36. Bg3 Rh5 37. Rh1 Rxh1 38. Kxh1 g5 39. Be5 Kf7
40. Kg2 Ke6 41. Re1 c5 42. a3 Rd8 43. Kf2 Rd7 44. Rg1 g4 45. Rh1 cxd4 46. cxd4
Rf7 47. Rh6+ Kd7 48. Ke3 Rf8 49. Rf6 Rc8 50. Rf7+ Ke6 51. Rc7 Rg8 52. Rxb7 g3
53. Rg7 f4+ 54. Kxe4 Rxg7 55. Bxg7 Kf7 56. Be5 g2 57. Kxf4 g1=Q 58. Ke4 Qb1+
0-1

[Event "DVM U14 2010"]
[Site "Magdeburg GER"]
[Date "2010.12.27"]
[Round "2"]
[White "Zahn, Alina"]
[Black "Myagkov, Kirill"]
[Result "0-1"]
[Termination "normal"]
[Board "2.2"]
[WhiteElo "1584"]
[BlackElo "1829"]
[WhiteTeam "SV Empor Erfurt"]
[BlackTeam "Noris-Tarrasch Nürnberg"]
[PlyCount "138"]
[WhiteFideId "24696730"]
[BlackFideId "24657042"]
[EventCountry "GER"]
[EventRounds "7"]
[EventType "team-swiss"]
[EventDate "2010.12.26"]

1. e4 e6 2. d4 d5 3. Nc3 Nf6 4. e5 Nfd7 5. f4 c5 6. Nf3 Nc6 7. Be3 a6 8. Be2
Be7 9. O-O O-O 10. a3 cxd4 11. Nxd4 Nxd4 12. Bxd4 Bc5 13. Kh1 b5 14. Bg4 Qh4
15. g3 Qe7 16. Qd3 Bb7 17. Bf3 Rac8 18. Rac1 Bxd4 19. Qxd4 Nc5 20. Bg2 Rfd8 21.
Rfe1 Rc7 22. Red1 Rdc8 23. Rd2 Nd7 24. Bf1 Nb8 25. Bg2 Nc6 26. Qf2 Na5 27. Rd3
Nc4 28. Nd1 a5 29. c3 a4 30. Ne3 Na5 31. Re1 Ba6 32. Rdd1 Nb3 33. Nc2 Nc5 34.
Nb4 Bb7 35. Qf1 Qe8 36. Nc2 g6 37. Ne3 Ba6 38. Ng4 Qe7 39. Nf6+ Kh8 40. Bf3 Nd7
41. Ng4 Kg7 42. Be2 Qc5 43. Rd4 Rh8 44. Rb4 Bb7 45. Bf3 Bc6 46. Qf2 Qxf2 47.
Nxf2 Nc5 48. Rd4 h5 49. Rdd1 Rd8 50. Bg2 Nb3 51. Nd3 d4 52. Bxc6 Rxc6 53. Nb4
Rcc8 54. cxd4 Rxd4 55. Rxd4 Nxd4 56. Rd1 Nf5 57. Kg1 Ne3 58. Re1 Nc4 59. Rc1
Rd8 60. Rc2 Rd1+ 61. Kf2 Rh1 62. Kg2 Rb1 63. Kf3 Nxb2 64. Rc5 Nc4 65. Rc7 Nxa3
66. Nc6 Rc1 67. Ke2 b4 68. Kd2 Rc2+ 69. Kd3 b3 0-1

[Event "DVM U14 2010"]
[Site "Magdeburg GER"]
[Date "2010.12.27"]
[Round "2"]
[White "Yarsev, Alexander"]
[Black "Schneider, Jan"]
[Result "0-1"]
[Termination "normal"]
[Board "2.3"]
[WhiteElo "1648"]
[BlackElo "1765"]
[WhiteTeam "Noris-Tarrasch Nürnberg"]
[BlackTeam "SV Empor Erfurt"]
[PlyCount "70"]
[WhiteFideId "24690252"]
[BlackFideId "24678716"]
[EventCountry "GER"]
[EventRounds "7"]
[EventType "team-swiss"]
[EventDate "2010.12.26"]

1. d4 Nf6 2. Bf4 g6 3. e3 Bg7 4. Nf3 d6 5. c3 Nbd7 6. Nbd2 a6 7. Qc2 c5 8.
O-O-O b5 9. Nb3 c4 10. Nbd2 Bb7 11. e4 Rc8 12. Bg3 Bh6 13. Re1 a5 14. e5 dxe5
15. Nxe5 O-O 16. h3 Nxe5 17. Bxe5 Nd7 18. Rg1 f6 19. Bh2 Nb6 20. f4 Bg7 21. Ne4
Nd7 22. Be2 Bxe4 23. Qxe4 b4 24. Bxc4+ Kh8 25. Bd3 bxc3 26. bxc3 Rxc3+ 27. Bc2
Qc7 28. Re2 Rc8 29. g4 Nb6 30. f5 Bh6+ 31. Bf4 Bxf4+ 32. Qxf4 g5 33. Qf1 Qc4
34. Qd1 Qxa2 35. Rgg2 Nc4 0-1

[Event "DVM U14 2010"]
[Site "Magdeburg GER"]
[Date "2010.12.27"]
[Round "2"]
[White "Scheuch, Benjamin"]
[Black "Chen, Yilun"]
[Result "1-0"]
[Termination "normal"]
[Board "2.4"]
[WhiteElo "1510"]
[BlackElo "1420"]
[WhiteTeam "SV Empor Erfurt"]
[BlackTeam "Noris-Tarrasch Nürnberg"]
[PlyCount "83"]
[BlackFideId "12913219"]
[EventCountry "GER"]
[EventRounds "7"]
[EventType "team-swiss"]
[EventDate "2010.12.26"]

1. e4 e5 2. Nf3 Nc6 3. Bc4 Bc5 4. c3 d6 5. d4 Bb6 6. Be3 Nce7 7. dxe5 Bxe3 8.
fxe3 dxe5 9. Qxd8+ Kxd8 10. Nxe5 Ke8 11. Nxf7 Nf6 12. Nxh8 Nxe4 13. Nf7 Nf5 14.
Ke2 Nh4 15. Ne5 Bf5 16. Rf1 Nd6 17. Bd3 Be6 18. Nd2 Rd8 19. Bxh7 Nxg2 20. Rg1
Bh3 21. Rad1 Ke7 22. Ne4 Nxe4 23. Rxd8 Nxc3+ 24. bxc3 Kxd8 25. Be4 Nh4 26. Nf3
Nxf3 27. Bxf3 Kc8 28. Bg4+ Bxg4+ 29. Rxg4 b6 30. Rxg7 Kb7 31. h4 Ka6 32. h5 c5
33. h6 Kb5 34. h7 a5 35. h8=Q Ka4 36. Qe8+ Ka3 37. Qe4 b5 38. Qb1 a4 39. Qc1+
Kxa2 40. Qc2+ Ka3 41. Rg1 c4 42. Ra1# 1-0

[Event "DVM U14 2010"]
[Site "Magdeburg GER"]
[Date "2010.12.27"]
[Round "2"]
[White "Buchberger, Sascha"]
[Black "Berkes, Alexander"]
[Result "0-1"]
[Termination "normal"]
[Board "3.1"]
[WhiteElo "1784"]
[BlackElo "1842"]
[WhiteTeam "SK Kriegshaber"]
[BlackTeam "SK Langen"]
[PlyCount "54"]
[WhiteFideId "24690180"]
[BlackFideId "12901636"]
[EventCountry "GER"]
[EventRounds "7"]
[EventType "team-swiss"]
[EventDate "2010.12.26"]

1. e4 e5 2. Nf3 d6 3. Bc4 Be7 4. d3 Nf6 5. c3 O-O 6. h3 c6 7. O-O d5 8. exd5
cxd5 9. Bb3 Nc6 10. Re1 Qc7 11. Be3 Bf5 12. Na3 Bxa3 13. bxa3 Qa5 14. d4 e4 15.
Ne5 Qxa3 16. g4 Be6 17. g5 Ne8 18. h4 f5 19. Qh5 f4 20. g6 h6 21. Bc1 Qe7 22.
Ng4 Rf5 23. Nxh6+ gxh6 24. Qxh6 Nf6 25. Bd1 f3 26. Bg5 Qg7 27. Bxf6 Qxh6 0-1

[Event "DVM U14 2010"]
[Site "Magdeburg GER"]
[Date "2010.12.27"]
[Round "2"]
[White "Bingert, Tim Niklas"]
[Black "Baiter, Christoph"]
[Result "1-0"]
[Termination "normal"]
[Board "3.2"]
[WhiteElo "1761"]
[BlackElo "1487"]
[WhiteTeam "SK Langen"]
[BlackTeam "SK Kriegshaber"]
[PlyCount "75"]
[WhiteFideId "12917907"]
[EventCountry "GER"]
[EventRounds "7"]
[EventType "team-swiss"]
[EventDate "2010.12.26"]

1. e4 e6 2. d4 d5 3. e5 c5 4. c3 Nc6 5. Nf3 Qb6 6. Bd3 Bd7 7. O-O cxd4 8. cxd4
Nge7 9. Bc2 Nb4 10. Nc3 Nxc2 11. Qxc2 Nf5 12. Qd3 Be7 13. Rb1 O-O 14. Be3 Rac8
15. g4 Nxe3 16. Qxe3 Bb5 17. Nxb5 Qxb5 18. Rfd1 Rc2 19. Qd3 Qxd3 20. Rxd3 Rfc8
21. Kf1 R8c6 22. a3 Rc1+ 23. Rxc1 Rxc1+ 24. Ke2 Rc2+ 25. Rd2 Rc6 26. Kd3 Bd8
27. Rc2 Rxc2 28. Kxc2 b5 29. b4 a6 30. Nd2 g6 31. Nb3 Bb6 32. Nc5 Bxc5 33. bxc5
Kf8 34. a4 Ke8 35. axb5 axb5 36. Kb3 Kd7 37. Kb4 Kc6 38. g5 1-0

[Event "DVM U14 2010"]
[Site "Magdeburg GER"]
[Date "2010.12.27"]
[Round "2"]
[White "Lavrinenkov, Vadim"]
[Black "Anders, Eric"]
[Result "0-1"]
[Termination "normal"]
[Board "3.3"]
[WhiteElo "1000"]
[BlackElo "1710"]
[WhiteTeam "SK Kriegshaber"]
[BlackTeam "SK Langen"]
[PlyCount "108"]
[WhiteFideId "12908452"]
[BlackFideId "1272110"]
[EventCountry "GER"]
[EventRounds "7"]
[EventType "team-swiss"]
[EventDate "2010.12.26"]

1. d4 Nf6 2. Nf3 g6 3. c4 Bg7 4. e3 d6 5. Nc3 O-O 6. Bd3 Nbd7 7. O-O e5 8. Re1
Re8 9. dxe5 dxe5 10. Ne4 Nxe4 11. Bxe4 Nc5 12. Qxd8 Rxd8 13. Bc2 Bg4 14. Nd2
Nd3 15. Bxd3 Rxd3 16. f3 Be6 17. b3 e4 18. Rb1 Bc3 19. Re2 exf3 20. gxf3 Bh3
21. Ne4 Rd1+ 22. Kf2 Bg7 23. Ng3 Rad8 24. Re1 Bc3 25. Re2 Bd2 26. Bxd2 Rxb1 27.
Bc3 f5 28. Bd4 b6 29. c5 h5 30. Rc2 h4 31. Nxf5 Bxf5 32. Rc4 b5 33. Rb4 c6 34.
a4 a5 35. Rxb5 cxb5 36. axb5 Rxb3 37. b6 Bd7 38. Bf6 Ra8 39. Bxh4 a4 40. Bf6 a3
41. e4 a2 42. Ba1 Bc6 43. h4 Rb1 44. Be5 a1=Q 45. Bxa1 Raxa1 46. Ke3 Rb3+ 47.
Kf4 Ra5 48. Kg5 Rxc5+ 49. Kxg6 Rxb6 50. Kf6 Bxe4+ 51. Ke7 Rc7+ 52. Kd8 Rf7 53.
Kc8 Bf5+ 54. Kd8 Rb8# 0-1

[Event "DVM U14 2010"]
[Site "Magdeburg GER"]
[Date "2010.12.27"]
[Round "2"]
[White "Thomas, Tobias"]
[Black "Buchberger, Tamara"]
[Result "1-0"]
[Termination "normal"]
[Board "3.4"]
[WhiteElo "1309"]
[BlackElo "1236"]
[WhiteTeam "SK Langen"]
[BlackTeam "SK Kriegshaber"]
[PlyCount "65"]
[WhiteFideId "12920223"]
[EventCountry "GER"]
[EventRounds "7"]
[EventType "team-swiss"]
[EventDate "2010.12.26"]

1. e4 c5 2. b4 e6 3. bxc5 Bxc5 4. d4 Bb6 5. Bb2 Nf6 6. e5 Nd5 7. c4 Ba5+ 8. Nd2
Nc3 9. Qc2 Na4 10. Qxa4 Bxd2+ 11. Kxd2 Qg5+ 12. Kc3 Nc6 13. Nf3 Qf4 14. Ba3 b6
15. h4 a5 16. h5 g6 17. Bc1 Qf5 18. Bd3 Qg4 19. hxg6 fxg6 20. Be3 Ba6 21. Rag1
Rb8 22. Rh4 b5 23. Qc2 Nb4 24. Qd2 Qxh4 25. Nxh4 bxc4 26. Be4 Ke7 27. Bxg6 Nd5+
28. Kc2 c3 29. Bg5+ Kf8 30. Bh6+ Kg8 31. Qg5 Rb2+ 32. Kc1 Nb4 33. Bh5# 1-0

[Event "DVM U14 2010"]
[Site "Magdeburg GER"]
[Date "2010.12.27"]
[Round "2"]
[White "Knopf, Felix"]
[Black "Mittelstädt, Joel"]
[Result "0-1"]
[Termination "normal"]
[Board "4.1"]
[WhiteElo "1718"]
[BlackElo "1643"]
[WhiteTeam "SV Merseburg"]
[BlackTeam "SC GW Baumschulenweg"]
[PlyCount "104"]
[WhiteFideId "24692204"]
[BlackFideId "12910368"]
[EventCountry "GER"]
[EventRounds "7"]
[EventType "team-swiss"]
[EventDate "2010.12.26"]

1. d4 Nf6 2. Nf3 g6 3. c4 c5 4. d5 b5 5. Bg5 Bg7 6. Nbd2 Qa5 7. Qc2 d6 8. e4
Nbd7 9. Be2 O-O 10. O-O Ba6 11. Rfe1 Rab8 12. a3 Qc7 13. Bf4 Nh5 14. Bg5 Rfe8
15. Rab1 bxc4 16. Bxc4 Qa5 17. Bxa6 Qxa6 18. Nc4 Nb6 19. Nxb6 Rxb6 20. e5 dxe5
21. Qxc5 Rb5 22. Qc4 Qb7 23. Red1 h6 24. Bh4 g5 25. Bg3 Nxg3 26. hxg3 Rd8 27.
Qc6 Rd7 28. Rd2 Qxc6 29. dxc6 Rxd2 30. Nxd2 Rc5 31. b4 Rxc6 32. Kf1 f5 33. Ke2
e4 34. a4 Rc2 35. Kd1 Ra2 36. a5 Bc3 37. Nc4 Rxf2 38. b5 Rf1+ 39. Kc2 Rxb1 40.
Kxb1 Be1 41. a6 Bxg3 42. b6 Bb8 43. b7 f4 44. Kc2 Kf7 45. Na5 g4 46. Kd2 f3 47.
gxf3 Bf4+ 48. Ke2 exf3+ 49. Kf2 Ke6 50. Nc6 Kd7 51. Nxa7 Kc7 52. Nc8 Bd6 0-1

[Event "DVM U14 2010"]
[Site "Magdeburg GER"]
[Date "2010.12.27"]
[Round "2"]
[White "Teschke, Max"]
[Black "Hoffmann, Dustin"]
[Result "0-1"]
[Termination "normal"]
[Board "4.2"]
[WhiteElo "1635"]
[BlackElo "1751"]
[WhiteTeam "SC GW Baumschulenweg"]
[BlackTeam "SV Merseburg"]
[PlyCount "112"]
[WhiteFideId "12910376"]
[BlackFideId "1270566"]
[EventCountry "GER"]
[EventRounds "7"]
[EventType "team-swiss"]
[EventDate "2010.12.26"]

1. e4 c5 2. Nf3 Nc6 3. d4 cxd4 4. Nxd4 Nf6 5. Nc3 e5 6. Ndb5 d6 7. Nd5 Nxd5 8.
exd5 Nb8 9. c4 Be7 10. Be2 a6 11. Nc3 O-O 12. O-O f5 13. Qb3 Nd7 14. f3 f4 15.
Ne4 Nf6 16. Bd2 Rb8 17. Qc2 Bf5 18. Bd3 Qd7 19. Ng5 Bxd3 20. Qxd3 b5 21. b3
Rfc8 22. Rac1 bxc4 23. bxc4 Qa4 24. Rc2 Rb7 25. Rfc1 Rcb8 26. Qf5 Qd7 27. Qxd7
Nxd7 28. Ne4 Nf6 29. Be1 Nxe4 30. fxe4 Rb1 31. a3 Rxc1 32. Rxc1 Rb3 33. Bb4 a5
34. Bxa5 Rxa3 35. Bd2 Rd3 36. Rc2 Rd4 37. Kf2 Rxe4 38. Kf3 Rd4 39. Ke2 g5 40.
h3 e4 41. h4 e3 42. Be1 h6 43. hxg5 hxg5 44. Kf3 Rd1 45. Ke2 Rb1 46. Ba5 Rg1
47. Kf3 Rf1+ 48. Kg4 Rf2 49. Rc1 Rxg2+ 50. Kf5 Kf7 51. Rh1 e2 52. Rh7+ Ke8 53.
Rh1 f3 54. Ke6 f2 55. Rh8+ Bf8 56. c5 e1=Q+ 0-1